<?xml version="1.0" encoding="UTF-8"?>
<marc:record xmlns:marc="http://www.loc.gov/MARC21/slim" type="Bibliographic">
   <marc:leader>00000nam a2200000 c 4500</marc:leader>
   <marc:controlfield tag="001">1229357033</marc:controlfield>
   <marc:controlfield tag="003">DE-101</marc:controlfield>
   <marc:controlfield tag="005">20250829100740.0</marc:controlfield>
   <marc:controlfield tag="007">tu</marc:controlfield>
   <marc:controlfield tag="008">210315s2021    gw ||||| |||| 00||||ger  </marc:controlfield>
   <marc:datafield ind1=" " ind2=" " tag="015">
      <marc:subfield code="a">21,A15</marc:subfield>
      <marc:subfield code="2">dnb</marc:subfield>
   </marc:datafield>
   <marc:datafield ind1="7" ind2=" " tag="016">
      <marc:subfield code="2">DE-101</marc:subfield>
      <marc:subfield code="a">1229357033</marc:subfield>
   </marc:datafield>
   <marc:datafield ind1=" " ind2=" " tag="020">
      <marc:subfield code="a">9783867720724</marc:subfield>
      <marc:subfield code="c">Festeinband : EUR 10.00 (DE)</marc:subfield>
      <marc:subfield code="9">978-3-86772-072-4</marc:subfield>
   </marc:datafield>
   <marc:datafield ind1="3" ind2=" " tag="024">
      <marc:subfield code="a">9783867720724</marc:subfield>
   </marc:datafield>
   <marc:datafield ind1=" " ind2=" " tag="035">
      <marc:subfield code="a">(DE-599)KXP1748538292</marc:subfield>
   </marc:datafield>
   <marc:datafield ind1=" " ind2=" " tag="035">
      <marc:subfield code="a">(OCoLC)1237707537</marc:subfield>
   </marc:datafield>
   <marc:datafield ind1=" " ind2=" " tag="040">
      <marc:subfield code="a">1280</marc:subfield>
      <marc:subfield code="b">ger</marc:subfield>
      <marc:subfield code="c">DE-101</marc:subfield>
      <marc:subfield code="d">1240</marc:subfield>
      <marc:subfield code="e">rda</marc:subfield>
   </marc:datafield>
   <marc:datafield ind1=" " ind2=" " tag="041">
      <marc:subfield code="a">ger</marc:subfield>
   </marc:datafield>
   <marc:datafield ind1=" " ind2=" " tag="044">
      <marc:subfield code="c">XA-DE-BW</marc:subfield>
   </marc:datafield>
   <marc:datafield ind1="0" ind2="4" tag="082">
      <marc:subfield code="8">2\u</marc:subfield>
      <marc:subfield code="a">123</marc:subfield>
      <marc:subfield code="q">DE-101</marc:subfield>
      <marc:subfield code="2">23/ger</marc:subfield>
   </marc:datafield>
   <marc:datafield ind1="7" ind2=" " tag="083">
      <marc:subfield code="8">3\p</marc:subfield>
      <marc:subfield code="a">100</marc:subfield>
      <marc:subfield code="a">290</marc:subfield>
      <marc:subfield code="q">DE-101</marc:subfield>
      <marc:subfield code="2">23sdnb</marc:subfield>
   </marc:datafield>
   <marc:datafield ind1=" " ind2=" " tag="084">
      <marc:subfield code="a">123</marc:subfield>
      <marc:subfield code="2">ddc</marc:subfield>
   </marc:datafield>
   <marc:datafield ind1=" " ind2=" " tag="084">
      <marc:subfield code="a">100</marc:subfield>
      <marc:subfield code="a">290</marc:subfield>
      <marc:subfield code="2">ddc</marc:subfield>
   </marc:datafield>
   <marc:datafield ind1=" " ind2=" " tag="085">
      <marc:subfield code="8">2\u</marc:subfield>
      <marc:subfield code="b">123</marc:subfield>
   </marc:datafield>
   <marc:datafield ind1="1" ind2=" " tag="100">
      <marc:subfield code="8">1\p</marc:subfield>
      <marc:subfield code="0">(DE-588)118617443</marc:subfield>
      <marc:subfield code="0">https://d-nb.info/gnd/118617443</marc:subfield>
      <marc:subfield code="0">(DE-101)118617443</marc:subfield>
      <marc:subfield code="a">Steiner, Rudolf</marc:subfield>
      <marc:subfield code="d">1861-1925</marc:subfield>
      <marc:subfield code="e">Verfasser</marc:subfield>
      <marc:subfield code="4">aut</marc:subfield>
      <marc:subfield code="2">gnd</marc:subfield>
   </marc:datafield>
   <marc:datafield ind1="1" ind2="0" tag="240">
      <marc:subfield code="0">(DE-588)4247048-1</marc:subfield>
      <marc:subfield code="0">https://d-nb.info/gnd/4247048-1</marc:subfield>
      <marc:subfield code="0">(DE-101)04247048X</marc:subfield>
      <marc:subfield code="a">&#x98;Die&#x9c; Philosophie der Freiheit</marc:subfield>
      <marc:subfield code="2">gnd</marc:subfield>
   </marc:datafield>
   <marc:datafield ind1="1" ind2="0" tag="245">
      <marc:subfield code="a">&#x98;Die&#x9c; Philosophie der Freiheit</marc:subfield>
      <marc:subfield code="b">Grundzüge einer modernen Weltanschauung : (seelische Beobachtungsresultate nach naturwissenschaftlicher Methode)</marc:subfield>
      <marc:subfield code="c">Rudolf Steiner</marc:subfield>
   </marc:datafield>
   <marc:datafield ind1=" " ind2=" " tag="250">
      <marc:subfield code="a">7. Auflage</marc:subfield>
   </marc:datafield>
   <marc:datafield ind1=" " ind2=" " tag="259">
      <marc:subfield code="a">17</marc:subfield>
   </marc:datafield>
   <marc:datafield ind1=" " ind2="1" tag="264">
      <marc:subfield code="a">Bad Liebenzell</marc:subfield>
      <marc:subfield code="b">Rudolf Steiner Ausgaben</marc:subfield>
      <marc:subfield code="c">2021</marc:subfield>
   </marc:datafield>
   <marc:datafield ind1=" " ind2=" " tag="300">
      <marc:subfield code="a">383 Seiten</marc:subfield>
      <marc:subfield code="b">Illustrationen</marc:subfield>
      <marc:subfield code="c">21 cm</marc:subfield>
   </marc:datafield>
   <marc:datafield ind1=" " ind2=" " tag="336">
      <marc:subfield code="a">Text</marc:subfield>
      <marc:subfield code="b">txt</marc:subfield>
      <marc:subfield code="2">rdacontent</marc:subfield>
   </marc:datafield>
   <marc:datafield ind1=" " ind2=" " tag="337">
      <marc:subfield code="a">ohne Hilfsmittel zu benutzen</marc:subfield>
      <marc:subfield code="b">n</marc:subfield>
      <marc:subfield code="2">rdamedia</marc:subfield>
   </marc:datafield>
   <marc:datafield ind1=" " ind2=" " tag="338">
      <marc:subfield code="a">Band</marc:subfield>
      <marc:subfield code="b">nc</marc:subfield>
      <marc:subfield code="2">rdacarrier</marc:subfield>
   </marc:datafield>
   <marc:datafield ind1=" " ind2="7" tag="650">
      <marc:subfield code="0">(DE-588)4011450-8</marc:subfield>
      <marc:subfield code="0">https://d-nb.info/gnd/4011450-8</marc:subfield>
      <marc:subfield code="0">(DE-101)040114503</marc:subfield>
      <marc:subfield code="a">Denken</marc:subfield>
      <marc:subfield code="9">rswk-swf</marc:subfield>
      <marc:subfield code="2">gnd</marc:subfield>
   </marc:datafield>
   <marc:datafield ind1=" " ind2="7" tag="650">
      <marc:subfield code="0">(DE-588)4064317-7</marc:subfield>
      <marc:subfield code="0">https://d-nb.info/gnd/4064317-7</marc:subfield>
      <marc:subfield code="0">(DE-101)040643174</marc:subfield>
      <marc:subfield code="a">Wahrnehmung</marc:subfield>
      <marc:subfield code="9">rswk-swf</marc:subfield>
      <marc:subfield code="2">gnd</marc:subfield>
   </marc:datafield>
   <marc:datafield ind1=" " ind2="7" tag="650">
      <marc:subfield code="0">(DE-588)4070914-0</marc:subfield>
      <marc:subfield code="0">https://d-nb.info/gnd/4070914-0</marc:subfield>
      <marc:subfield code="0">(DE-101)040709140</marc:subfield>
      <marc:subfield code="a">Erkenntnistheorie</marc:subfield>
      <marc:subfield code="9">rswk-swf</marc:subfield>
      <marc:subfield code="2">gnd</marc:subfield>
   </marc:datafield>
   <marc:datafield ind1=" " ind2="7" tag="650">
      <marc:subfield code="0">(DE-588)4015602-3</marc:subfield>
      <marc:subfield code="0">https://d-nb.info/gnd/4015602-3</marc:subfield>
      <marc:subfield code="0">(DE-101)040156028</marc:subfield>
      <marc:subfield code="a">Ethik</marc:subfield>
      <marc:subfield code="9">rswk-swf</marc:subfield>
      <marc:subfield code="2">gnd</marc:subfield>
   </marc:datafield>
   <marc:datafield ind1=" " ind2="7" tag="650">
      <marc:subfield code="0">(DE-588)4011450-8</marc:subfield>
      <marc:subfield code="0">https://d-nb.info/gnd/4011450-8</marc:subfield>
      <marc:subfield code="0">(DE-101)040114503</marc:subfield>
      <marc:subfield code="a">Denken</marc:subfield>
      <marc:subfield code="2">gnd</marc:subfield>
   </marc:datafield>
   <marc:datafield ind1=" " ind2="7" tag="650">
      <marc:subfield code="0">(DE-588)4064317-7</marc:subfield>
      <marc:subfield code="0">https://d-nb.info/gnd/4064317-7</marc:subfield>
      <marc:subfield code="0">(DE-101)040643174</marc:subfield>
      <marc:subfield code="a">Wahrnehmung</marc:subfield>
      <marc:subfield code="2">gnd</marc:subfield>
   </marc:datafield>
   <marc:datafield ind1=" " ind2="7" tag="650">
      <marc:subfield code="0">(DE-588)4070914-0</marc:subfield>
      <marc:subfield code="0">https://d-nb.info/gnd/4070914-0</marc:subfield>
      <marc:subfield code="0">(DE-101)040709140</marc:subfield>
      <marc:subfield code="a">Erkenntnistheorie</marc:subfield>
      <marc:subfield code="2">gnd</marc:subfield>
   </marc:datafield>
   <marc:datafield ind1=" " ind2="7" tag="650">
      <marc:subfield code="0">(DE-588)4015602-3</marc:subfield>
      <marc:subfield code="0">https://d-nb.info/gnd/4015602-3</marc:subfield>
      <marc:subfield code="0">(DE-101)040156028</marc:subfield>
      <marc:subfield code="a">Ethik</marc:subfield>
      <marc:subfield code="2">gnd</marc:subfield>
   </marc:datafield>
   <marc:datafield ind1=" " ind2="7" tag="650">
      <marc:subfield code="0">(DE-588)4018326-9</marc:subfield>
      <marc:subfield code="0">https://d-nb.info/gnd/4018326-9</marc:subfield>
      <marc:subfield code="0">(DE-101)040183262</marc:subfield>
      <marc:subfield code="a">Freiheit</marc:subfield>
      <marc:subfield code="2">gnd</marc:subfield>
   </marc:datafield>
   <marc:datafield ind1=" " ind2="7" tag="650">
      <marc:subfield code="0">(DE-588)4045798-9</marc:subfield>
      <marc:subfield code="0">https://d-nb.info/gnd/4045798-9</marc:subfield>
      <marc:subfield code="0">(DE-101)040457982</marc:subfield>
      <marc:subfield code="a">Philosophische Anthropologie</marc:subfield>
      <marc:subfield code="2">gnd</marc:subfield>
   </marc:datafield>
   <marc:datafield ind1=" " ind2="7" tag="650">
      <marc:subfield code="0">(DE-588)4002237-7</marc:subfield>
      <marc:subfield code="0">https://d-nb.info/gnd/4002237-7</marc:subfield>
      <marc:subfield code="0">(DE-101)040022374</marc:subfield>
      <marc:subfield code="a">Anthroposophie</marc:subfield>
      <marc:subfield code="2">gnd</marc:subfield>
   </marc:datafield>
   <marc:datafield ind1="0" ind2="0" tag="689">
      <marc:subfield code="0">(DE-588)4011450-8</marc:subfield>
      <marc:subfield code="0">https://d-nb.info/gnd/4011450-8</marc:subfield>
      <marc:subfield code="0">(DE-101)040114503</marc:subfield>
      <marc:subfield code="D">s</marc:subfield>
      <marc:subfield code="a">Denken</marc:subfield>
   </marc:datafield>
   <marc:datafield ind1="0" ind2="1" tag="689">
      <marc:subfield code="0">(DE-588)4064317-7</marc:subfield>
      <marc:subfield code="0">https://d-nb.info/gnd/4064317-7</marc:subfield>
      <marc:subfield code="0">(DE-101)040643174</marc:subfield>
      <marc:subfield code="D">s</marc:subfield>
      <marc:subfield code="a">Wahrnehmung</marc:subfield>
   </marc:datafield>
   <marc:datafield ind1="0" ind2="2" tag="689">
      <marc:subfield code="0">(DE-588)4070914-0</marc:subfield>
      <marc:subfield code="0">https://d-nb.info/gnd/4070914-0</marc:subfield>
      <marc:subfield code="0">(DE-101)040709140</marc:subfield>
      <marc:subfield code="D">s</marc:subfield>
      <marc:subfield code="a">Erkenntnistheorie</marc:subfield>
   </marc:datafield>
   <marc:datafield ind1="0" ind2=" " tag="689">
      <marc:subfield code="5">DE-101</marc:subfield>
      <marc:subfield code="5">DE-101</marc:subfield>
   </marc:datafield>
   <marc:datafield ind1="1" ind2="0" tag="689">
      <marc:subfield code="0">(DE-588)4015602-3</marc:subfield>
      <marc:subfield code="0">https://d-nb.info/gnd/4015602-3</marc:subfield>
      <marc:subfield code="0">(DE-101)040156028</marc:subfield>
      <marc:subfield code="D">s</marc:subfield>
      <marc:subfield code="a">Ethik</marc:subfield>
   </marc:datafield>
   <marc:datafield ind1="1" ind2=" " tag="689">
      <marc:subfield code="5">DE-101</marc:subfield>
      <marc:subfield code="5">DE-101</marc:subfield>
   </marc:datafield>
   <marc:datafield ind1=" " ind2=" " tag="850">
      <marc:subfield code="a">DE-101a</marc:subfield>
      <marc:subfield code="a">DE-101b</marc:subfield>
   </marc:datafield>
   <marc:datafield ind1="4" ind2="2" tag="856">
      <marc:subfield code="m">B:DE-101</marc:subfield>
      <marc:subfield code="q">application/pdf</marc:subfield>
      <marc:subfield code="u">https://d-nb.info/1229357033/04</marc:subfield>
      <marc:subfield code="3">Inhaltsverzeichnis</marc:subfield>
   </marc:datafield>
   <marc:datafield ind1="1" ind2=" " tag="883">
      <marc:subfield code="8">1\p</marc:subfield>
      <marc:subfield code="a">bcs</marc:subfield>
      <marc:subfield code="d">20210315</marc:subfield>
      <marc:subfield code="q">DE-101</marc:subfield>
      <marc:subfield code="u">https://d-nb.info/provenance/plan#bcs</marc:subfield>
   </marc:datafield>
   <marc:datafield ind1="2" ind2=" " tag="883">
      <marc:subfield code="8">3\p</marc:subfield>
      <marc:subfield code="a">dnb</marc:subfield>
      <marc:subfield code="d">20210407</marc:subfield>
      <marc:subfield code="q">DE-101</marc:subfield>
      <marc:subfield code="u">https://d-nb.info/provenance/plan#dnb</marc:subfield>
   </marc:datafield>
   <marc:datafield ind1="r" ind2=" " tag="925">
      <marc:subfield code="a">ra</marc:subfield>
   </marc:datafield>
</marc:record>
